000 00340nam a2200109Ia 4500
008 171211s9999 xx 000 0 und d
245 _aReading the Law: Studies in Honour of Gordon J. Wenham
245 _cJ. G. McConville and Karl Möller
260 _c2007
650 _xReligion
856 _uhttp://down.ebook777.com/063/9780567026422.pdf
999 _c350454
_d350454